| 000 | 01249nam a22003857a 4500 | ||
|---|---|---|---|
| 001 | 0051286 | ||
| 003 | KOHA_MİRAKIL | ||
| 005 | 20260207003800.0 | ||
| 007 | ta | ||
| 008 | 150629b2005 tu a|||gr||||#||||0|tur | | ||
| 020 | _a9755918469 | ||
| 040 |
_aTR-BiSEU _btur _cTR-BiSEU _erda |
||
| 041 | 0 | _atur | |
| 044 | _ctu | ||
| 050 |
_aTS156.8 _b.G87 2005 |
||
| 100 | 1 | _aGürsakal, Necmi. | |
| 245 | 1 |
_aAltı sigma müşteri odaklı yönetim/ _cNecmi Gürsakal ; Necmi Gürsakal. |
|
| 250 | _a2. Baskı | ||
| 264 | 1 |
_aAnkara : _bNobel Yayın Dağıtım _c2005 |
|
| 300 |
_aX, 265 sayfa : _bresimli ; _c24 cm. |
||
| 336 |
_ametin _btxt _2rdacontent |
||
| 337 |
_aaracısız _bn _2rdamedia |
||
| 338 |
_acilt _bnc _2rdacarrier |
||
| 490 | 1 |
_aNobel yayın ; _vno. |
|
| 490 | 1 | _a861. | |
| 490 | 1 |
_aTeknik yayınları ; _vdizi no. |
|
| 490 | 1 | _a68. | |
| 500 | _aKaynakça var. | ||
| 650 | 0 |
_aİşlem kontrolü.Deney planlaması.Müşteri hizmetleri.Güvenilirlik (Mühendislik).Kalite kontrolü--İstatistiksel metotlar.Üretim yönetimi--İstatistiksel metotlar. _995271 |
|
| 830 | 1 |
_aNobel yayın ; _vno. _91510 |
|
| 830 | 1 |
_a861. _949719 |
|
| 830 | 1 |
_aTeknik yayınları ; _vdizi no. _95547 |
|
| 830 | 1 |
_a68. _916687 |
|
| 942 |
_2lcc _cBK |
||
| 999 |
_c51111 _d51111 |
||